FAO yearbook fishery statistics: catches and landings: 1994; Vol.78
Gespeichert in:
| 1. Verfasser: | |
|---|---|
| Format: | Buch |
| Sprache: | Undetermined |
| Veröffentlicht: |
Rome
FAO
1996
|
| Schlagworte: | |
| Tags: |
Tag hinzufügen
Keine Tags, Fügen Sie den ersten Tag hinzu!
|
| Thư viện lưu trữ: | Trung tâm Học liệu Trường Đại học Cần Thơ |
|---|
| LEADER | 00585nam a2200181Ia 4500 | ||
|---|---|---|---|
| 001 | CTU_16610 | ||
| 008 | 210402s9999 xx 000 0 und d | ||
| 082 | |a 639 | ||
| 082 | |b F218/V79 | ||
| 100 | |a FAO | ||
| 245 | 0 | |a FAO yearbook fishery statistics: catches and landings: 1994; Vol.78 | |
| 245 | 0 | |c FAO | |
| 260 | |a Rome | ||
| 260 | |b FAO | ||
| 260 | |c 1996 | ||
| 650 | |a fisheries - catch effort,fisheries - fishing effort,fisheries - research,fisheries - statistics - 1994 | ||
| 904 | |i Nguyễn Quang Điền, 970530 | ||
| 980 | |a Trung tâm Học liệu Trường Đại học Cần Thơ | ||